000 01140nam a2200289 i 4500
001 179533
003 ES-MaACL
005 20251009164407.0
008 111221s2010 sp a |||| |dspa d
020 _a978-84-92904-10-5
080 _a821.134.2 Hernández, Miguel 1.07
100 1 _aBecerra Mayor, David (
_d1984-)
_9148774
245 1 0 _aMiguel Hernández
_b: la voz de la herida /
_cDavid Becerra Mayor, Antonio J. Antón Fernández.
250 _a1ª ed.
260 _aCórdoba :
_bEl Páramo,
_c2010.
300 _a202 p. :
_bil. ;
_c21 cm.
490 1 _aComprometidos
504 _aBibliografía: p. 173-178.
600 1 4 _aHernández, Miguel,
_d1910-1942-
_xCrítica e interpretación
_962846
700 1 _aAntón Fernández, Antonio J.,
_d1982-
_9148775
830 0 _aComprometidos
_9193484
852 _aES-MaACL
_jA-11755
_9186430
_bR.146644
_cDEPO1
_dOlim: N-4760
_xDonación: David Becerra Mayor y Antonio J. Antón Fernández
903 _aAntón Fernández, Antonio J.,
_d1982-
_ednr
_9148775
903 _9148774
_aBecerra Mayor, David (
_d1984-)
_ednr
942 _2udc
_cMONOGRAFIA
999 _c179533
_d179533